Responses for show #2534 - Thursday, September 14, 1995

Len Krisak game 3.

Contestants

[<< previous game]

Bill Shackford, an administrative assistant from Glendale, California

Carol McDuell, a dressmaker from Ambler, Pennsylvania

Len Krisak, an editor from Newton, Massachusetts (whose 2-day cash winnings total $26,999)

[next game >>]

Jeopardy! Round responses

WORLD HISTORY
PUZZLES & GAMES
MICHELANGELO
TRANSPORTATION
SEAS
QUOTATIONS
    $100 6
Macbeth

Bill
    $100 5
(Len: What is a [*]?)
(Alex: Do we call them [*]? Be a little more specific.)
(Len: I can't give you anything other than that.)
(Alex: I've never heard of that term.)
[After the break Alex announced that [*] is in Webster's and the ruling was reversed.]

a jigsaw puzzle (*picture puzzle)

LenBill
    $100 1
David

Bill
    $100 24
barges

Carol
    $100 20
Russia

Bill
    $100 14
beggars

Len
    $200 7
the Republicans

Len
    $200 11
(Len: What is a palindrome?)

an anagram

LenBill
    $200 2
Florence

Len
    $200 26
the FAA

Bill
    $200 21
the Caribbean

Bill
    $200 15
red

Len
    $300 8
(Len: [Sighs and shakes head])
(Alex: Oh, that's too bad.)
(Bill: Uh, who is Louis Philippe?)

Louis Napoleon (Napoleon III)

LenBill
Triple Stumper
    $300 12
(Carol: What are kings?)

aces

CarolBill
    $300 3
the Pieta

Bill
    $300 27
the Hudson

Len
    $300 22
(Carol: What is the Black Sea?)

the North Sea

CarolBill
    $300 16
the plot

Carol
    $400 9
(Bill: What is an oil tanker?)
(Carol: What is a cruise ship?)

a nuclear submarine

CarolBill
Triple Stumper
    $400 13
mahjong

Carol
    $400 4
bronze

Carol
    $400 28
bikes

Len
    $400 23
(Carol: What is the Sargassus?)

the Aegean

LenCarol
    $400 17
the Owl & the Pussycat

Triple Stumper
    $500 10
Nehru

Bill
    $500 25
(Carol: What's a cryptogram?)
(Len: What's an acrostic?)

a double-crostic

LenCarol
Triple Stumper
    $500 19
Lorenzo

Len
    $500 30
the Monorail

Len
    $500 29
the Coral Sea

Triple Stumper
    $500 18
Freud

Len

Scores at the first commercial break (after clue 13):

Len Carol Bill
$0 $100 $900

Scores at the end of the Jeopardy! Round:

Len Carol Bill
$2,400 -$700 $1,700

Double Jeopardy! Round responses

CIVIL WAR TRIVIA
RELIGIOUS LEADERS
1994 BESTSELLERS
GERMAN CUISINE
U.S. GEOGRAPHY
MUSICAL THEATER
    $200 10
Stonewall Jackson

Len
    $200 5
Billy Graham

Len
    $200 16
Stephen King

Bill
    $200 22
sausage

Len
    $200 1
Lake Tahoe

Carol
    $200 13
Camelot

Len
    $400 11
the surrender

Len
    $400 6
Muhammad

Len
    $400 24
Tom Clancy

Bill
    $400 23
cabbage

Carol
    $400 2
Mount Whitney

Carol
    $400 17
Bessie Smith

Bill
    $600 12
Sherman

Bill
    $600 7
Judaism

Len
    $600 26
Parachute

Carol
    $600 3
Albuquerque

Bill
    $600 18
Show Boat

Len
    $800 14
Robert E. Lee

Triple Stumper
    $1,000 8
the Dalai Lama

Len
    $800 27
[The end-of-round signal sounds.]

the Light

Bill
    $800 4
Texas

Len
    $800 19
Phantom of the Opera

Len
    $1000 15
Farragut

Carol
    $1000 9
John Knox

Triple Stumper
    $1000 25
Schindler's List

Len
    $1000 21
Key Biscayne

Triple Stumper
    $1,000 20
(Alex: About a minute to go, Len.)

A Funny Thing Happened on the Way to the Forum

Len

Scores at the end of the Double Jeopardy! Round:

Len Carol Bill
$9,800 $1,900 $4,700
(lock game)

[wagering suggestions for these scores]

Final Jeopardy! Round responses

OSCAR-WINNING ACTORS
(Alex: He won his Oscar for The Big Country.)
CarolWho was Burl Ives?
$1,800
BillWho is Burl Ives?
$4,700
LenWho is Burl Ives?
$399
Burl Ives

Final scores:

Len Carol Bill
$10,199 $3,700 $9,400
3-day champion: $37,198 3rd place: Michael C. Fina flatware + Jeopardy! Sports Edition for home computer or Super Nintendo 2nd place: Dynamark Security Centers protection system & Ross Simons bracelet + Jeopardy! Sports Edition for home computer or Super Nintendo

Game dynamics:

Coryat scores:

Len Carol Bill
$9,600 $1,900 $4,700
24 R
(including 3 DDs),
3 W
9 R,
5 W
17 R,
2 W

Combined Coryat: $16,200

The J! Archive is created by fans, for fans. The Jeopardy! game show and all elements thereof, including but not limited to copyright and trademark thereto, are the property of Jeopardy Productions, Inc. and are protected under law. This website is not affiliated with, sponsored by, or operated by Jeopardy Productions, Inc. Join the discussion at JBoard.tv.